000 00760nam a22002057a 4500
999 _c7559
_d7559
003 AR-CdUCM
008 190320b ||||| |||| 00| 0 spa d
040 _aMUNICIPALIDAD PROVINCIAL DEL CUSCO
_cBIBLIOTECA MUNICIPAL DEL CUSCO
082 _a657.2 /
_bAL39
100 _aAlegre Elera, Jenner F.
_921345
245 _aEl cálculo financiero :
_btratado moderno de matemática financiera /
260 _aLima :
_bAmérica,
300 _a339 páginas ;
_btablas,
_c20 cm.
505 _acontenido: Sistema financiero -- Interés simple y compuesto -- Las tasas de interés -- El crédito -- Descuentos simple y compuesto ...
650 _aSistema financiero
_921346
650 _aCrédito
_94465
650 _aMercado
_942
942 _2ddc
_cLIBROS
945 _aachl